000 00581pab a2200193 454500
008 180718b2013 xxu||||| |||| 00| 0 eng d
100 _aTremblay, Manon
245 _aWomen's ministerial careers in cabinet, 1921-2010: A look at socio - demographic traits and career experiences
260 _c2013
300 _ap.523-541.
362 _aDec
650 _apolitics and government
650 _aCanada - Politics and government
650 _aWomen in politics
700 _aStockemer, Daniel
773 _aCanadian Public Administration
908 _aN
909 _a103600
999 _c103596
_d103596